000 00570nam a22001937a 4500
005 20251108172213.0
008 250721s1997 xx 000 0 ara d
082 1 4 _a791.43/ماي
100 1 _aمايو، بيير
_eمؤلف
245 1 0 _aالكتابة السينمائية /
264 1 _aدمشق :
_bوزارة الثقافة،
_c1997.
300 _a271ص
490 0 _a(سلسلة الفن السابع؛ 22)
650 1 7 _aالفنون
650 1 7 _aالسينما
700 1 _aالمقداد، قاسم
_eمترجم
942 _2ddc
_cBK
999 _c73057
_d73057